Aplikácia opatrení vlády SR na zmiernenie následkov globálnej finančnej krízy v hospodárskej praxi

Oblasti dopadu globálnej finančnej krízy. Monitorovací výbor, ktorý sleduje dopady finančnej krízy na hospodárstvo. Opatrenia vlády na zmiernenie následkov krízy. Reakcie manažérov na súčasný krízový stav.

Saved in:
Bibliographic Details
Main Author: Hrušovská, Dana, 1964-
Format: Book Chapter
Language:Slovak
Subjects:
Tags: Add Tag
No Tags, Be the first to tag this record!

MARC

LEADER 00000nla$a2200000$$$4500
001 0108921
005 20240520091144.7
041 0 |a slo 
044 |a SK 
245 1 0 |a Aplikácia opatrení vlády SR na zmiernenie následkov globálnej finančnej krízy v hospodárskej praxi  |c Dana Hrušovská 
520 |a Oblasti dopadu globálnej finančnej krízy. Monitorovací výbor, ktorý sleduje dopady finančnej krízy na hospodárstvo. Opatrenia vlády na zmiernenie následkov krízy. Reakcie manažérov na súčasný krízový stav. 
610 2 0 |a kríza finančná 
610 2 0 |a kríza hospodárska 
610 2 0 |a úspory 
610 2 0 |a riziko finančné 
610 2 0 |a prepúšťanie pracovníkov 
610 2 0 |a príspevky štátne 
610 2 0 |a podpory 
610 2 0 |a odvody 
100 1 |a Hrušovská, Dana, 1964-